000 00280pab a2200121 454500
008 180718b xxu||||| |||| 00| 0 eng d
100 _aBagai, S.S
245 _aEnforcing old I.T. rates
650 _a Income Tax
650 _aTaxation
773 _aFinancial Express
909 _a21895
999 _c21895
_d21895